Public finance in Madhya Pradesh. (Record no. 84424)

MARC details
000 -LEADER
fixed length control field 00580cam a2200205 4500
001 - CONTROL NUMBER
control field sa 68012257
003 - CONTROL NUMBER IDENTIFIER
control field DLC
005 - DATE AND TIME OF LATEST TRANSACTION
control field 20260227112608.0
008 - FIXED-LENGTH DATA ELEMENTS--GENERAL INFORMATION
fixed length control field 691104s1967 ii 00000 eng
010 ## - LIBRARY OF CONGRESS CONTROL NUMBER
LC control number sa 68012257 //r85
025 ## - OVERSEAS ACQUISITION NUMBER
Overseas acquisition number PL480:I-E-10492
050 0# - LIBRARY OF CONGRESS CALL NUMBER
Classification number HJ1320.M27
Item number A53
082 ## - DEWEY DECIMAL CLASSIFICATION NUMBER
Classification number 336.54/3
110 10 - MAIN ENTRY--CORPORATE NAME
Corporate name or jurisdiction name as entry element Madhya Pradesh (India).
Subordinate unit Directorate of Economics and Statistics.
245 10 - TITLE STATEMENT
Title Public finance in Madhya Pradesh.
260 1# - PUBLICATION, DISTRIBUTION, ETC.
Place of publication, distribution, etc. [Bhopal,
Date of publication, distribution, etc. 1967]
300 ## - PHYSICAL DESCRIPTION
Extent 44 p.
Dimensions 28 cm.
500 ## - GENERAL NOTE
General note Cover title.
650 #0 - SUBJECT ADDED ENTRY--TOPICAL TERM
Topical term or geographic name entry element Finance, Public
Geographic subdivision Madhya Pradesh, India.

No items available.

Powered by Koha